A geograficidade do social: una contribuição para o debate metodológico sobre estudos de conflito e movimentos sociais na América Latina /
A partir del señalamiento de la necesidad de interrogarnos sobre las características y naturaleza contemporáneas de los sujetos sociales, los grupos dominantes y el sistema político, Hugo Zemelman propone una mirada teórico-metodológica centrada en el proceso de constitución de los sujetos sociales...
সংরক্ষণ করুন:
| প্রধান লেখক: | |
|---|---|
| বিন্যাস: | অজ্ঞাত |
| প্রকাশিত: |
Buenos Aires:
CLACSO
|
| বিষয়গুলি: | |
| ট্যাগগুলো: |
ট্যাগ যুক্ত করুন
কোনো ট্যাগ নেই, প্রথমজন হিসাবে ট্যাগ করুন!
|
MARC
| LEADER | 00000 a2200000 04500 | ||
|---|---|---|---|
| 001 | 38651 | ||
| 003 | cru IIS | ||
| 005 | 20230502135723.0 | ||
| 008 | 991231s d | ||
| 020 | |a 950-9231-92-4 | ||
| 022 | |a 950-9231-92-4 | ||
| 040 | |c CRAI/IIS | ||
| 090 | |a 0007 S478m | ||
| 100 | 1 | |a Porto-Gonçalves, Carlos Walter |9 11228 | |
| 245 | |a A geograficidade do social: |b una contribuição para o debate metodológico sobre estudos de conflito e movimentos sociais na América Latina / |c Carlos Walter Porto-Gonçalves | ||
| 260 | |a Buenos Aires: |b CLACSO | ||
| 300 | |a 261-278 p. | ||
| 520 | |a A partir del señalamiento de la necesidad de interrogarnos sobre las características y naturaleza contemporáneas de los sujetos sociales, los grupos dominantes y el sistema político, Hugo Zemelman propone una mirada teórico-metodológica centrada en el proceso de constitución de los sujetos sociales que toma cuerpo en la secuencia de coyuntura, y que el autor denomina una estrategia de investigación transcoyuntural | ||
| 650 | |a INVESTIGACION SOCIAL | ||
| 650 | |a METODOLOGIA | ||
| 650 | |a AMERICA LATINA | ||
| 773 | 0 | |0 684 |9 2141 |a Alvarez Gándara, Miguel |d Buenos Aires: CLACSO 2004 |o 06004 |t Movimientos sociales y conflicto en América Latina / |w (cru CIDCACS/IIS)38618 |x 950-9231-92-4 |z 950-9231-92-4 | |
| 942 | |2 ddc |c LI | ||
| 999 | |c 44910 |d 44910 | ||



